000 00672nam a22001697a 4500
999 _c18940
_d18940
008 240206b ||||| |||| 00| 0 eng d
020 _a9789718219386
082 _22020
_aDFil 899.211
_bSa852
100 _aSauco, Consolacion P.
_950249
245 _aPanitikan :
_byaman ng kalinangan at kulturang Pilipino /
_cConsolacion P. Sauco, Norma C. Mendoza and Edwin R. Mabilin.
260 _aMalabon City :
_bMutya Publishing House, Inc.,
_c© 2020.
300 _axi, 332 pages :
_billustrations ;
_c25 cm.
650 _aLiterature
_zPhilippines.
_951538
700 _aMendoza, Norma C.
_eauthor.
_951539
700 _aMabilin, Edwin R.
_eauthor.
_951540
942 _2ddc
_cDFIL